| 000 | 01930cam a22004337a 4500 | ||
|---|---|---|---|
| 001 | 14450117 | ||
| 005 | 20170105102844.0 | ||
| 008 | 060713s2005 enka b 000 0 eng d | ||
| 010 | _a 2006531125 | ||
| 020 | _a1844072258 | ||
| 035 | _a(CStRLIN)PASGA2949301-B | ||
| 035 | _a(PSt) (Sirsi) a2949301 | ||
| 040 |
_aBID _cBID _dOUN _dIXA _dBAKER _dTJC _dDLC |
||
| 042 | _alccopycat | ||
| 043 | _ad------ | ||
| 050 | 0 | 0 |
_aRA644.A25 _bC595 2005 |
| 082 | 0 | 0 |
_a362.19697920091724 _222 |
| 245 | 0 | 0 |
_aCombating AIDS in the developing world / _cJosh Ruxin, Agnes Binagwaho, Paul A. Wilson. |
| 246 | 1 | _aOn title page: UN Millennium Project 2005, Task Force on HIV/AIDS, Malaria, TB, and Access to Essential Medicines, Working Group on HIV/AIDS | |
| 246 | 3 | 0 | _aUN Millennium Project 2005 |
| 246 | 3 | 0 | _aTask Force on HIV/AIDS, Malaria, TB, and Access to Essential Medicines |
| 246 | 3 | 0 | _aWorking Group on HIV/AIDS |
| 260 |
_aLondon ; _aSterling, Va. : _bEarthscan, _cc2005. |
||
| 300 |
_axvii, 176 p. : _bill., maps ; _c26 cm. |
||
| 500 | _aSponsored by the United Nations Development Programme on behalf of the UN Development Group. | ||
| 504 | _aIncludes bibliographical references (p. [152]-176). | ||
| 610 | 2 | 0 | _aUN Millennium Project. |
| 650 | 0 |
_aAIDS (Disease) _zDeveloping countries _xPrevention. |
|
| 650 | 0 |
_aAIDS (Disease) _xPrevention _xInternational cooperation. |
|
| 650 | 0 |
_aAIDS (Disease) _xTreatment. |
|
| 700 | 1 | _aRuxin, Josh. | |
| 700 | 1 | _aBinagwaho, Agnes. | |
| 700 | 1 |
_aWilson, Paul A., _d1935- |
|
| 710 | 2 |
_aUN Millennium Project. _bTask Force on HIV/AIDS, Malaria, TB, and Access to Essential Medicines. _bWorking Group on HIV/AIDS. |
|
| 856 | 4 | 2 |
_3Contributor biographical information _uhttp://www.loc.gov/catdir/enhancements/fy1111/2006531125-b.html |
| 906 |
_a7 _bcbc _ccopycat _d2 _encip _f20 _gy-gencatlg |
||
| 942 |
_2ddc _cBK |
||
| 999 |
_c13991 _d13991 |
||